Statistics for World's easiest quiz!!!

Click here to take the quiz!

General Stats

  • This quiz has been taken 37 times
  • The average score is 4 of 5

Answer Stats

QuestionAnswer% Correct
The answer to the first and second question is 3.correct
94%
1 + 12
91%
Answer to the third question.correct
88%
This is the answer to the second question.3
81%
This is the answer to the first question.3
81%

Score Distribution

Percentile by Number Answered

Percent of People with Each Score

Your Score History

You have not taken this quiz